Les 10 mangas les plus vendus au Japon au premier semestre 2025 - Statistiques

Statistiques générales
  • Ce quiz a été pris 61 fois
  • Le résultat moyen est 3 sur 10
Statistiques - réponses
Nombre de tomes vendus Nom du manga % Correct
4 1 839 799 One Piece
98%
1 3 368 504 Jujutsu Kaisen
64%
5 1 751 598 My Hero Academia
56%
3 1 898 324 Blue Lock
38%
2 2 536 995 Dandadan
30%
10 1 300 753 Kingdom
22%
7 1 582 118 Les Carnets de l'apothicaire
12%
8 1 374 539 Sakamoto Days
10%
6 1 689 264 Blue Box
6%
9 1 313 454 Medalist
0%
Aucun quiz correspondant
Distribution des résultats
% des personnes avec chaque résultat
Percentile par nombre de réponses
Votre historique - résultats
Vous n’avez pas pris ce quiz